00675nam a2200241 a 4500001001300000003000900013005001700022008004100039020001000080082001700090100002400107245002100131260003700152300000800189500003500197505001200232650001800244700002400262902000800286942000700294952011700301999001500418nice12345678IN_TiNIC20260116011911.0050524s1321 luca grp 000 0 urd  ac10000a297.446bAHM aAhmad, Qutub Ud-Din aRisala-E-Aqiqah. aLucknowbDar Matba Mustafac1321 a32p aincludes index and biblioraphy2 aReserve aIslam-Rituals1 aAhmad, Qutub Ud-Din bSRS cBK 001040708StackRoom-aHMIbHMId2007-07-03g100.00l0o297.446 AHMp07408r2007-07-03v100.00w2005-05-24yBK c4810d4810